000 01169cam a2200361 a 4500
001 56
003 FISKH
005 20230220123044.0
008 100614s2011 nyua c 000 1 eng
010 _a 2010019668
020 _a9781416927457 (hardcover : alk. paper)
020 _a9781442431256 (eBook)
040 _aDLC
_cDLC
_dDLC
042 _alcac
050 0 0 _aPZ7.M2225
_bWai 2011
082 0 0 _a443
_222
100 1 _aMacLachlan, Patricia.
245 1 0 _aWaiting for the magic /
_cPatricia MacLachlan ; illustrated by Amy June Bates.
250 _a1st ed.
260 _aNew York :
_bAtheneum Books for Young Readers,
_cc2011.
300 _a143 p. :
_bill. ;
_c20 cm.
520 _aWhen Papa goes away for a little while, his family tries to cope with the separation by adopting four dogs and a cat.
521 1 _a420
_bLexile
521 1 _aG
_bRaz-Plus
650 1 _aSeparation
_vFiction.
650 1 _aFamily life
_vFiction.
650 1 _aDogs
_vFiction.
650 1 _aCats
_vFiction.
650 1 _aHuman-animal communication
_vFiction.
700 1 _aBates, Amy June,
_eill.
906 _a7
_bcbc
_corignew
_d1
_eecip
_f20
_gy-gencatlg
942 _2lcc
_cBK
_n0
999 _c56
_d56